00908nam a22001457a 450000500170000002000180001708200110003510000210004624500580006726000310012530000180015650400500017452005140022465000240073820260702134223.0 a9781783782307 a109BAG a Baggini, Julian aHow the world thinks:ba global history of philosophy aLondonbGranta Booksc2018 axxxiii, 398p. aIncludes bibliographical references and index aJulian Baggini sets out to expand our horizons in How the World Thinks, exploring the philosophies of Japan, India, China and the Muslim world, as well as the lesser-known oral traditions of Africa and Australia's first peoples. Interviewing thinkers from around the globe, Baggini asks questions such as: why is the West is more individualistic than the East? What makes secularism a less powerful force in the Islamic world than in Europe? And how has China resisted pressures for greater political freedom? aPhilosophy--History